000 01507cam a22003974a 4500
001 12875549
003 OSt
005 20251118084059.0
008 020730s2002 nhua b 000 0 eng
010 _a 2002027515
020 _a0325005370
_qpbk.
020 _a9780325005379
_q(pbk.)
035 _a12875549
040 _aDLC
_cDLC
_dDLC
042 _apcc
050 0 0 _aLB1576
_b.H69 2002
082 0 0 _a372.6
_221
100 1 _aHoyt, Linda.
245 1 0 _aMake it real :
_bstrategies for success with informational texts /
_cLinda Hoyt.
260 _aPortsmouth, NH :
_bHeinemann,
_cc2002.
300 _aix, 319 p. :
_bill. ;
_c28 cm.
336 _atext
_btxt
_2rdacontent
337 _aunmediated
_bn
_2rdamedia
338 _avolume
_bnc
_2rdacarrier
504 _aIncludes bibliographical references (p. 315-319)
650 0 _aLanguage arts (Elementary)
650 0 _aLanguage arts (Middle school)
650 0 _aEnglish language
_xComposition and exercises
_xStudy and teaching (Elementary)
650 0 _aEnglish language
_xComposition and exercises
_xStudy and teaching (Middle school)
650 0 _aExposition (Rhetoric)
_xStudy and teaching (Elementary)
650 0 _aExposition (Rhetoric)
_xStudy and teaching (Middle school)
906 _a7
_bcbc
_corignew
_d1
_eocip
_f20
_gy-gencatlg
942 _2lcc
_cBK
999 _c265242
_d265241